000 00493cam a2200193ua 4500
020 _a0-07-451587-X
041 _aeng
_h
082 _a621.3
_bDHO/BA
100 _aDhogal , P S .
245 _aBasic electrical engineering, Vol 2 /
_cP S Dhogal.
_hTextual Documents
260 _aNew Delhi :
_bTata Mc-Graw Hill Publishing Company ,
_c1987.
300 _a466 ; .
500 _a*CSS
504 _a
942 _cBK
999 _c6198
_d6198